Artaud i el teatre / Joan Abellan
Descripción Física:
79 p. ; 17'5 cm
Colección:
Materials pedagògics ; 3
Materias:
Artaud, Antonin
MARC
| LEADER | 00000nam a2200000Ia 4500 | ||
|---|---|---|---|
| 001 | 7690 | ||
| 008 | 160829s1988 xx 000 0 cat d | ||
| 080 | |a B-1-252 | ||
| 100 | 1 | |a Abellán, Joan, |d 1946- |9 30606 | |
| 245 | |a Artaud i el teatre / Joan Abellan | ||
| 260 | |a Barcelona : |b Institut del Teatre. Diputació de Barcelona, |c 1988 | ||
| 300 | |a 79 p. ; |c 17'5 cm | ||
| 490 | |a Materials pedagògics ; 3 | ||
| 650 | |a Artaud, Antonin |9 20098 | ||
| 710 | 1 | |a Institut del Teatre (Barcelona, Catalunya) |9 52662 | |
| 901 | |a Arxiu | ||
| 942 | |n 1 | ||
| 952 | |0 0 |1 0 |4 0 |6 B1252 |7 1 |9 41439 |a Arxiu |b Arxiu |d 2016-12-01 |l 0 |o B-1-252 |p 7690 |r 2016-12-01 00:00:00 |w 2016-12-01 |y ARXIU | ||
| 999 | |c 43246 |d 43246 | ||